[Event "XIX Festival A"]
[Site "Robecchetto con Induno ITA"]
[Date "2008.12.28"]
[Round "2"]
[White "Parenti, Davide"]
[Black "Virzi, Ettore"]
[Result "1/2-1/2"]
[WhiteElo "2052"]
[BlackElo "1950"]
[PlyCount "32"]
[EventDate "2008.12.27"]

1. d4 Nf6 2. Nf3 g6 3. c4 Bg7 4. Nc3 O-O 5. e4 d6 6. g3 Nc6 7. Bg2 a6 8. O-O
Rb8 9. d5 Na5 10. Qd3 c5 11. Re1 b5 12. cxb5 axb5 13. Nd1 Nd7 14. Rb1 c4 15.
Qc2 b4 16. Be3 Ba6 1/2-1/2

[Event "XIX Festival A"]
[Site "Robecchetto con Induno ITA"]
[Date "2008.12.28"]
[Round "2"]
[White "Raselli, Claudio"]
[Black "Pepa, Syrja"]
[Result "1/2-1/2"]
[WhiteElo "1986"]
[BlackElo "1842"]
[PlyCount "81"]
[EventDate "2008.12.27"]

1. c4 c5 2. Nc3 Nc6 3. g3 Nf6 4. Bg2 g6 5. e4 Bg7 6. Nge2 d6 7. O-O O-O 8. d3
Bg4 9. h3 Bd7 10. Be3 a6 11. a3 Rb8 12. d4 cxd4 13. Nxd4 Ne5 14. b3 Bc6 15. Qd2
Re8 16. Nd5 Bxd5 17. cxd5 Ned7 18. b4 Nb6 19. Rac1 Rc8 20. Rxc8 Qxc8 21. Rc1
Nc4 22. Qe2 b5 23. a4 Qb7 24. a5 Nd7 25. Nc6 Nde5 26. Nxe5 Bxe5 27. Qd3 Rc8 28.
Bd4 Nb2 29. Bxb2 Bxb2 30. Rc2 Bf6 31. h4 Rc7 32. Bh3 h5 33. Qe2 Bc3 34. g4 Bxb4
35. Rxc7 Qxc7 36. gxh5 Qc1+ 37. Kg2 gxh5 38. Qxh5 Qc3 39. Qg4+ Qg7 40. Qxg7+
Kxg7 41. Bc8 1/2-1/2

[Event "XIX Festival A"]
[Site "Robecchetto con Induno ITA"]
[Date "2008.12.28"]
[Round "2"]
[White "Rota, Simone"]
[Black "La Torre, Giovanni"]
[Result "1-0"]
[WhiteElo "1864"]
[BlackElo "2059"]
[PlyCount "115"]
[EventDate "2008.12.27"]

1. d4 e6 2. c4 d5 3. Nf3 Nf6 4. e3 Bb4+ 5. Bd2 a5 6. a3 Be7 7. Bd3 dxc4 8. Bxc4
Ne4 9. Bc1 O-O 10. Qc2 Nd6 11. Bd3 f5 12. Nbd2 Nd7 13. Nc4 Nf6 14. Bd2 Nxc4 15.
Qxc4 Kh8 16. O-O Bd6 17. Qc2 Bd7 18. Ne5 Ng4 19. f4 Bxe5 20. fxe5 Bc6 21. h3
Nh6 22. Bc3 Qh4 23. Rf4 Qd8 24. Rff1 g5 25. e4 g4 26. d5 gxh3 27. g3 h2+ 28.
Qxh2 Ng4 29. Qh4 Qxh4 30. gxh4 fxe4 31. dxc6 exd3 32. cxb7 Rxf1+ 33. Rxf1 Rb8
34. Rd1 Rxb7 35. Rxd3 Kg8 36. Rd8+ Kg7 37. Ra8 Kg6 38. Rxa5 Kf5 39. Rc5 Ne3 40.
b4 Ke4 41. Rc6 Kd5 42. Ra6 Rb8 43. Ra7 Rg8+ 44. Kh1 Rg4 45. Rxc7 Rxh4+ 46. Kg1
Ke4 47. b5 Rg4+ 48. Kh2 Rh4+ 49. Kg3 Nf5+ 50. Kf2 Rf4+ 51. Ke1 Kd3 52. Bd2 Re4+
53. Kd1 Rxe5 54. Rc3+ Ke4 55. a4 Rd5 56. b6 Nd6 57. Kc2 Rd4 58. Re3+ 1-0

[Event "XIX Festival A"]
[Site "Robecchetto con Induno ITA"]
[Date "2008.12.28"]
[Round "2"]
[White "Saccani, Ettore"]
[Black "Guzzetti, Luigi Enrico"]
[Result "1/2-1/2"]
[WhiteElo "1840"]
[BlackElo "1862"]
[PlyCount "81"]
[EventDate "2008.12.27"]

1. e4 c5 2. Nf3 e6 3. c3 Nc6 4. d4 d5 5. e5 Qb6 6. Be2 Bd7 7. O-O cxd4 8. cxd4
Nge7 9. Nc3 Nf5 10. Na4 Qc7 11. a3 Be7 12. g4 Nh4 13. Nxh4 Bxh4 14. Be3 Be7 15.
Rc1 Qd8 16. b4 O-O 17. Nc5 Bxc5 18. bxc5 Ne7 19. Qd2 Kh8 20. Bd3 Qe8 21. f4 f5
22. exf6 gxf6 23. Qg2 Rg8 24. Kh1 Rg7 25. Rf3 Bb5 26. Bxb5 Qxb5 27. Re1 Rag8
28. Rg3 Qd7 29. Bf2 Ng6 30. f5 exf5 31. gxf5 Qxf5 32. Rf3 Nf4 33. Qf1 Qg5 34.
Bg3 Nh5 35. Qe2 Nxg3+ 36. Rxg3 Qh6 37. Rxg7 Qxg7 38. Qf3 Qg5 39. Rb1 Qg6 40.
Re1 h6 41. Rf1 1/2-1/2

[Event "XIX Festival A"]
[Site "Robecchetto con Induno ITA"]
[Date "2008.12.28"]
[Round "2"]
[White "Testa, Loris"]
[Black "Di Chiara, Mauro"]
[Result "1/2-1/2"]
[WhiteElo "1668"]
[BlackElo "1896"]
[PlyCount "33"]
[EventDate "2008.12.27"]

1. e4 d6 2. d4 Nf6 3. Nc3 g6 4. Bg5 Bg7 5. Be2 c6 6. Qd2 b5 7. a3 Bb7 8. h4
Nbd7 9. Bh6 Bxh6 10. Qxh6 c5 11. dxc5 dxc5 12. Bxb5 Nxe4 13. Nxe4 Bxe4 14.
O-O-O Bf5 15. Rh3 Qc7 16. Re3 O-O-O 17. Rxe7 1/2-1/2

[Event "XIX Festival A"]
[Site "Robecchetto con Induno ITA"]
[Date "2008.12.28"]
[Round "3"]
[White "Autino, Massimiliano"]
[Black "Bernasconi, Roberto"]
[Result "1/2-1/2"]
[WhiteElo "1826"]
[BlackElo "1929"]
[PlyCount "57"]
[EventDate "2008.12.27"]

1. d4 d5 2. Nf3 Nf6 3. e3 e6 4. Bd3 Be7 5. Nbd2 Nbd7 6. Qe2 b6 7. O-O O-O 8.
Re1 Bb7 9. c3 c5 10. e4 dxe4 11. Nxe4 Re8 12. Nxf6+ Bxf6 13. dxc5 Nxc5 14. Bb5
Re7 15. Bf4 a6 16. Rad1 Qc8 17. Bd3 Nxd3 18. Qxd3 Bc6 19. Be5 Rd7 20. Qe3 Rxd1
21. Rxd1 Bxf3 22. gxf3 Bxe5 23. Qxe5 h6 24. Rd6 b5 25. Qd4 Qb7 26. Qe4 Qb8 27.
Qc6 Ra7 28. Qb6 Qxb6 29. Rxb6 1/2-1/2

[Event "XIX Festival A"]
[Site "Robecchetto con Induno ITA"]
[Date "2008.12.28"]
[Round "3"]
[White "Bianchi, Alberto"]
[Black "Astengo, Corrado"]
[Result "0-1"]
[WhiteElo "2002"]
[BlackElo "2172"]
[PlyCount "82"]
[EventDate "2008.12.27"]

1. e4 c5 2. Nf3 d6 3. d4 cxd4 4. Nxd4 Nf6 5. Nc3 a6 6. Be3 e5 7. Nb3 Be6 8. f3
Be7 9. Qd2 b5 10. O-O-O Nbd7 11. g4 Nb6 12. Qf2 Na4 13. Nd5 Nxd5 14. exd5 Bd7
15. h4 O-O 16. Bd3 f5 17. Qg2 Qc8 18. Kb1 e4 19. fxe4 fxg4 20. h5 Bf6 21. Bd4
Bxd4 22. Nxd4 Nc5 23. Rc1 Qe8 24. Nb3 Nxd3 25. cxd3 Rf3 26. Rcd1 Qe5 27. Rhe1
Raf8 28. d4 Qxh5 29. e5 Rf2 30. Qg1 R8f3 31. e6 Be8 32. Ka1 Qf5 33. Rc1 h6 34.
Na5 Kh7 35. Nc6 Qxd5 36. e7 Bxc6 37. e8=Q Bxe8 38. Rxe8 Qxd4 39. Re2 g3 40. Rd1
Qc4 41. Ree1 Ra3 0-1

[Event "XIX Festival A"]
[Site "Robecchetto con Induno ITA"]
[Date "2008.12.28"]
[Round "3"]
[White "Brugo, Marco"]
[Black "Barberi, Alessandro"]
[Result "1/2-1/2"]
[WhiteElo "2152"]
[BlackElo "2156"]
[PlyCount "56"]
[EventDate "2008.12.27"]

1. d4 g6 2. e4 Bg7 3. c4 d6 4. Nc3 e5 5. Nf3 Nd7 6. Be2 h6 7. Be3 Ne7 8. h4 f5
9. exf5 Nxf5 10. Bd3 O-O 11. d5 Nf6 12. Qd2 Nxe3 13. fxe3 e4 14. Nxe4 Nxe4 15.
Bxe4 Qe8 16. Qd3 Bxb2 17. Bxg6 Bf5 18. Bxf5 Bxa1 19. Be6+ Kh8 20. Rh3 Qa4 21.
Ng5 Qb4+ 22. Kd1 Rf1+ 23. Qxf1 Qb1+ 24. Ke2 Qc2+ 25. Kf3 Rf8+ 26. Nf7+ Rxf7+
27. Bxf7 Qf5+ 28. Ke2 Qc2+ 1/2-1/2

[Event "XIX Festival A"]
[Site "Robecchetto con Induno ITA"]
[Date "2008.12.28"]
[Round "3"]
[White "Carbone, Lorenzo"]
[Black "Favoni, Matteo"]
[Result "1-0"]
[WhiteElo "1817"]
[BlackElo "1986"]
[PlyCount "59"]
[EventDate "2008.12.27"]

1. e4 c5 2. Nf3 d6 3. d4 cxd4 4. Nxd4 Nf6 5. Nc3 a6 6. Be2 e5 7. Nb3 Be7 8. O-O
O-O 9. Be3 Be6 10. f4 exf4 11. Bxf4 Nc6 12. a3 Rc8 13. Qe1 Ne5 14. Kh1 Nc4 15.
Rb1 Qc7 16. Rf3 Rfe8 17. Rg3 Kh8 18. Nd4 Nd7 19. Nxe6 fxe6 20. Rh3 Bf6 21. Bh5
Re7 22. Bg6 Nf8 23. Qg3 Nxb2 24. Bxd6 Qxc3 25. Qxc3 Bxc3 26. Bxh7 Rd7 27. Bxf8
Rxf8 28. Bg6+ Kg8 29. Bh7+ Kh8 30. Bf5+ 1-0

[Event "XIX Festival A"]
[Site "Robecchetto con Induno ITA"]
[Date "2008.12.28"]
[Round "3"]
[White "Cereda, Loris"]
[Black "Raselli, Claudio"]
[Result "1-0"]
[WhiteElo "2053"]
[BlackElo "1986"]
[PlyCount "61"]
[EventDate "2008.12.27"]

1. e4 d5 2. exd5 Qxd5 3. Nc3 Qe5+ 4. Be2 c6 5. Nf3 Qc7 6. d4 Bf5 7. Be3 e6 8.
Qd2 Bd6 9. O-O-O Nf6 10. Nh4 Bg6 11. Nxg6 hxg6 12. h3 Nbd7 13. Kb1 b5 14. Bf3
O-O 15. Qd3 Nb6 16. h4 Nbd5 17. h5 gxh5 18. Bxh5 Nf4 19. Bxf4 Bxf4 20. Ne4 Nxh5
21. Rxh5 g6 22. Rh4 Kg7 23. Rdh1 Rh8 24. Qh3 Rhd8 25. Qf3 Rh8 26. Qh3 Rhd8 27.
Rh7+ Kf8 28. Qh4 Ke8 29. Rh8+ Kd7 30. Nc5+ Kc8 31. Rxd8+ 1-0

[Event "XIX Festival A"]
[Site "Robecchetto con Induno ITA"]
[Date "2008.12.28"]
[Round "3"]
[White "Di Chiara, Mauro"]
[Black "Cavallini, Gianfranco"]
[Result "0-1"]
[WhiteElo "1896"]
[BlackElo "2103"]
[PlyCount "70"]
[EventDate "2008.12.27"]

1. Nf3 g6 2. d4 Bg7 3. c4 d6 4. Nc3 c6 5. e4 Nd7 6. Be2 a6 7. O-O b6 8. Be3 Bb7
9. Nd2 e6 10. f4 Ne7 11. g4 f5 12. gxf5 exf5 13. Bd3 c5 14. d5 fxe4 15. Bxe4
Nf6 16. Bd3 Qd7 17. Qa4 Qxa4 18. Nxa4 b5 19. cxb5 Nexd5 20. Rfe1 O-O 21. Bc4
axb5 22. Bxb5 Ra5 23. Nc4 Rxb5 24. Nxd6 Ra5 25. Nxb7 Rxa4 26. Nxc5 Rc4 27. Bf2
Nxf4 28. Ne6 Nxe6 29. Rxe6 Ne4 30. Bb6 Bxb2 31. Rb1 Ng5 32. Rd6 Nf3+ 33. Kg2
Rc2+ 34. Kh3 Rxh2+ 35. Kg4 h5+ 0-1

[Event "XIX Festival A"]
[Site "Robecchetto con Induno ITA"]
[Date "2008.12.28"]
[Round "3"]
[White "Guzzetti, Luigi Enrico"]
[Black "Testa, Loris"]
[Result "0-1"]
[WhiteElo "1862"]
[BlackElo "1668"]
[PlyCount "70"]
[EventDate "2008.12.27"]

1. e4 d6 2. d4 Nf6 3. Bd3 g6 4. Nf3 Bg7 5. O-O O-O 6. h3 Nbd7 7. Be3 c5 8. c3
a6 9. Nbd2 b5 10. b3 Bb7 11. Qe2 Rc8 12. Rac1 Nb6 13. d5 Nbd7 14. Rfd1 Qa5 15.
c4 b4 16. Nf1 Qc7 17. Bf4 a5 18. g4 h5 19. N1h2 e5 20. dxe6 fxe6 21. e5 Nd5 22.
cxd5 Rxf4 23. exd6 Qxd6 24. dxe6 Ne5 25. Nxe5 Qxe5 26. Qxe5 Bxe5 27. Bxg6 Bd4
28. Rd2 Kf8 29. Rcc2 hxg4 30. Nxg4 Ke7 31. Bf7 Rh8 32. Rd3 Rxg4+ 33. Kf1 Ba6
34. Rcd2 Rxh3 35. Ke2 Re4+ 0-1

[Event "XIX Festival A"]
[Site "Robecchetto con Induno ITA"]
[Date "2008.12.28"]
[Round "3"]
[White "La Torre, Giovanni"]
[Black "Saccani, Ettore"]
[Result "1-0"]
[WhiteElo "2059"]
[BlackElo "1840"]
[PlyCount "89"]
[EventDate "2008.12.27"]

1. b3 e5 2. Bb2 Nc6 3. e3 d5 4. Nf3 e4 5. Nd4 Nxd4 6. Bxd4 Nf6 7. Be2 Be7 8. f4
O-O 9. O-O c5 10. Bb2 Bd7 11. c4 dxc4 12. bxc4 Qb6 13. Be5 Rad8 14. Nc3 Be6 15.
Nb5 Ne8 16. a4 Bf6 17. a5 Qa6 18. Bxf6 Nxf6 19. Qc2 Bd7 20. Nc3 Qc6 21. h3 h5
22. Qd1 Qd6 23. Ra2 g6 24. g4 Rfe8 25. Rf2 hxg4 26. hxg4 Kg7 27. g5 Nh7 28. Nd5
Bf5 29. Rh2 Rh8 30. Qa1+ f6 31. Rxh7+ Rxh7 32. Nxf6 Qe6 33. Nxh7+ Kxh7 34. Qb2
Rd7 35. Kf2 Bg4 36. Qe5 Qxe5 37. fxe5 Bxe2 38. Kxe2 Re7 39. Rb2 Kg7 40. d4
exd3+ 41. Kxd3 Kf7 42. Rf2+ Kg7 43. Ke4 b6 44. axb6 axb6 45. Kd5 1-0

[Event "XIX Festival A"]
[Site "Robecchetto con Induno ITA"]
[Date "2008.12.28"]
[Round "3"]
[White "Mancin, Mariano"]
[Black "Marinone, Lucio"]
[Result "1-0"]
[WhiteElo "1894"]
[BlackElo "2008"]
[PlyCount "87"]
[EventDate "2008.12.27"]

1. e4 c5 2. Nc3 a6 3. g3 b5 4. Bg2 Bb7 5. d3 e6 6. Nf3 d5 7. exd5 b4 8. dxe6
fxe6 9. Nb1 Bd6 10. Bg5 Nf6 11. Nbd2 Nbd7 12. Nc4 Qe7 13. Nxd6+ Qxd6 14. Qe2
O-O-O 15. O-O-O Bd5 16. Kb1 a5 17. Bxf6 gxf6 18. Nh4 Nb6 19. Rhe1 Rhe8 20. f4
a4 21. d4 c4 22. Nf3 Rd7 23. f5 Ra7 24. fxe6 Rxe6 25. Bh3 Rae7 26. Nh4 Kc7 27.
Bxe6 Rxe6 28. Qg4 c3 29. Qf4 b3 30. axb3 axb3 31. Rxe6 Bxe6 32. Qxd6+ Kxd6 33.
bxc3 Na4 34. Rd3 Bd5 35. cxb3 Be4 36. Kc2 Nb2 37. Kxb2 Bxd3 38. Nf3 Kd5 39. Nd2
f5 40. Kc1 h5 41. Kd1 Ba6 42. Ke1 Bd3 43. Kf2 Ba6 44. Ke3 1-0

[Event "XIX Festival A"]
[Site "Robecchetto con Induno ITA"]
[Date "2008.12.28"]
[Round "3"]
[White "Marguerettaz, Davy"]
[Black "Parenti, Davide"]
[Result "0-1"]
[WhiteElo "2020"]
[BlackElo "2052"]
[PlyCount "75"]
[EventDate "2008.12.27"]

1. d4 Nf6 2. c4 e6 3. Nc3 d5 4. Bg5 Be7 5. cxd5 exd5 6. e3 O-O 7. Bd3 c6 8. Qc2
Nbd7 9. Nge2 Re8 10. O-O-O Nf8 11. f3 Qa5 12. Kb1 b5 13. g4 Nxg4 14. Bxe7 Nxe3
15. Qd2 Nxd1 16. Rxd1 b4 17. Bxf8 bxc3 18. Qg5 Rxf8 19. Rg1 g6 20. Qh6 Qb4 21.
b3 Qa3 22. Nxc3 Qe7 23. Ne2 Qf6 24. Nf4 Bf5 25. Bxf5 Qxf5+ 26. Kc1 Qf6 27. h4
Qxd4 28. Rg4 Qc3+ 29. Kb1 Rae8 30. Rg1 Re1+ 31. Rxe1 Qxe1+ 32. Kc2 Re8 33. h5
Qf2+ 34. Kc3 Qxf3+ 35. Kb4 Re4+ 36. Kc5 Qxf4 37. Qxf4 Rxf4 38. hxg6 0-1

[Event "XIX Festival A"]
[Site "Robecchetto con Induno ITA"]
[Date "2008.12.28"]
[Round "3"]
[White "Martinez, Rolly"]
[Black "Borin, Fabio"]
[Result "1-0"]
[WhiteElo "2424"]
[BlackElo "2130"]
[PlyCount "99"]
[EventDate "2008.12.27"]

1. e4 c5 2. Nf3 d6 3. d4 Nf6 4. Nc3 cxd4 5. Nxd4 g6 6. Be3 Bg7 7. f3 Nc6 8. Qd2
O-O 9. O-O-O Bd7 10. g4 Rc8 11. h4 h5 12. g5 Nh7 13. f4 Nxd4 14. Bxd4 Bxd4 15.
Qxd4 Qa5 16. Nd5 Rfe8 17. Bc4 Qc5 18. Qxc5 Rxc5 19. Bb3 Bg4 20. Rd2 Nf8 21. Rf1
Nd7 22. Ne3 Be6 23. e5 Bxb3 24. axb3 Rc6 25. b4 Nb6 26. exd6 exd6 27. Nd5 Nxd5
28. Rxd5 Re4 29. b5 Rc5 30. Rxc5 dxc5 31. c3 f6 32. gxf6 Kf7 33. f5 Kxf6 34.
fxg6+ Kxg6 35. Rh1 Kf5 36. Kd2 Ra4 37. Kd3 Kf4 38. Rg1 Kf3 39. c4 Kf4 40. Rg5
b6 41. Rxh5 Ra1 42. Rh7 Kf5 43. h5 Kg5 44. b3 Ra3 45. Kc3 Ra5 46. Kb2 Kf6 47.
Rd7 Kg5 48. Rd5+ Kh6 49. Re5 Kg7 50. Re6 1-0

[Event "XIX Festival A"]
[Site "Robecchetto con Induno ITA"]
[Date "2008.12.28"]
[Round "3"]
[White "Pattarello, Pierluigi"]
[Black "Barlocco, Carlo"]
[Result "1/2-1/2"]
[WhiteElo "1983"]
[BlackElo "2144"]
[PlyCount "91"]
[EventDate "2008.12.27"]

1. d4 Nf6 2. c4 Nc6 3. Nc3 e6 4. Nf3 Bb4 5. Qc2 O-O 6. Bg5 h6 7. Bxf6 Qxf6 8.
e3 d6 9. a3 Bxc3+ 10. Qxc3 e5 11. dxe5 Nxe5 12. Nxe5 dxe5 13. Be2 Qg5 14. Bf3
Re8 15. g3 e4 16. Bg2 Bg4 17. h3 Bh5 18. g4 Rad8 19. O-O Bg6 20. Rfd1 h5 21.
Rd5 Rxd5 22. cxd5 hxg4 23. hxg4 Re7 24. Qb4 b6 25. d6 cxd6 26. Qxd6 Re6 27.
Qb8+ Kh7 28. Qh2+ Qh6 29. Rd1 Rc6 30. Qxh6+ Kxh6 31. Rd4 Rc1+ 32. Kh2 Rc2 33.
Kg3 Rxb2 34. Bxe4 Rb3 35. Bxg6 Kxg6 36. a4 Kf6 37. Kf4 a5 38. f3 b5 39. axb5
Rxb5 40. Rd6+ Ke7 41. Ra6 f6 42. Ra7+ Kf8 43. Ke4 Kg8 44. f4 Kh7 45. Kf3 Kh6
46. Ra8 1/2-1/2

[Event "XIX Festival A"]
[Site "Robecchetto con Induno ITA"]
[Date "2008.12.28"]
[Round "3"]
[White "Pepa, Syrja"]
[Black "Corti, Corrado"]
[Result "0-1"]
[WhiteElo "1842"]
[BlackElo "2038"]
[PlyCount "106"]
[EventDate "2008.12.27"]

1. e4 e5 2. Nf3 d6 3. Bc4 Be7 4. c3 Nf6 5. d3 O-O 6. O-O c6 7. h3 Nbd7 8. Be3
b6 9. Nbd2 Bb7 10. Re1 Nc5 11. Nf1 b5 12. Bxc5 bxc4 13. Be3 cxd3 14. Qxd3 Qc7
15. Ng3 Rad8 16. c4 Rfe8 17. Qc3 c5 18. Bg5 h6 19. Bxf6 Bxf6 20. Nf5 Qd7 21.
Rad1 Qe6 22. Qa5 Rd7 23. Qc3 Kh7 24. Qe3 Red8 25. b3 Be7 26. Rd3 Bf8 27. g4 g6
28. Ng3 Be7 29. Red1 Rg8 30. Kh2 f6 31. Qd2 Rdd8 32. Qc3 Bc8 33. a3 h5 34. Kg2
f5 35. Qd2 h4 36. Ng5+ Bxg5 37. Qxg5 hxg3 38. Qh4+ Kg7 39. gxf5 Qf6 40. Qxf6+
Kxf6 41. Rxd6+ Rxd6 42. Rxd6+ Ke7 43. Rxg6 Rxg6 44. fxg6 gxf2 45. h4 Bb7 46.
Kxf2 Bxe4 47. h5 a5 48. Ke3 Bc2 49. Kd2 Bxb3 50. Kd3 Kf6 51. g7 Kxg7 52. Ke4
Bxc4 53. Kxe5 Bg8 0-1

[Event "XIX Festival A"]
[Site "Robecchetto con Induno ITA"]
[Date "2008.12.28"]
[Round "3"]
[White "Provera, Emanuele"]
[Black "Ranfagni, Stefano"]
[Result "1/2-1/2"]
[WhiteElo "2138"]
[BlackElo "2047"]
[PlyCount "68"]
[EventDate "2008.12.27"]

1. d4 e6 2. c4 f5 3. Nf3 Nf6 4. g3 Be7 5. Bg2 O-O 6. O-O d6 7. Nc3 Bd7 8. Qb3
Nc6 9. Qxb7 Rb8 10. Qa6 Nb4 11. Qa5 Nc6 12. Qa3 d5 13. c5 Ne4 14. Qa4 Bf6 15.
Qd1 Qe8 16. e3 g5 17. Ne1 Qg6 18. Nd3 h5 19. h4 Nb4 20. Nxb4 Rxb4 21. Ne2 Bb5
22. a3 Bxe2 23. Qxe2 Rb3 24. Bf3 gxh4 25. Bxh5 Qg5 26. g4 Kh8 27. Kh2 h3 28. f4
Qh4 29. Qe1 Qxe1 30. Rxe1 fxg4 31. Bxg4 Bh4 32. Re2 Bg3+ 33. Kxh3 Bxf4 34. Kg2
Rg8 1/2-1/2

[Event "XIX Festival A"]
[Site "Robecchetto con Induno ITA"]
[Date "2008.12.28"]
[Round "3"]
[White "Rettore, Ludwig"]
[Black "Mazzariol, Oscar"]
[Result "1-0"]
[WhiteElo "2171"]
[BlackElo "2070"]
[PlyCount "65"]
[EventDate "2008.12.27"]

1. e4 c5 2. Nf3 d6 3. d4 cxd4 4. Nxd4 Nf6 5. Nc3 a6 6. Be2 e6 7. O-O Nbd7 8. f4
b5 9. Bf3 Bb7 10. a3 Rc8 11. Kh1 Be7 12. e5 Bxf3 13. Nxf3 dxe5 14. fxe5 Ng4 15.
Qe2 Rc5 16. Bf4 Qc7 17. Rad1 Ndxe5 18. h3 h5 19. hxg4 hxg4+ 20. Nh2 g5 21. Bg3
f5 22. Nd5 Rxd5 23. Rxd5 f4 24. Bxf4 gxf4 25. Qxe5 Qxe5 26. Rxe5 g3 27. Rxe6
Rxh2+ 28. Kg1 Rh4 29. Rfe1 Rh7 30. Rxa6 Kd8 31. Ra8+ Kd7 32. Rxe7+ Rxe7 33. Kf1
1-0

[Event "XIX Festival A"]
[Site "Robecchetto con Induno ITA"]
[Date "2008.12.28"]
[Round "3"]
[White "Revinelli, Sergio"]
[Black "Quagliarella, Sabino Remo"]
[Result "1/2-1/2"]
[WhiteElo "1868"]
[BlackElo "1978"]
[PlyCount "141"]
[EventDate "2008.12.27"]

1. e4 g6 2. d4 Bg7 3. Be2 c6 4. Nf3 d5 5. e5 Nh6 6. O-O O-O 7. h3 f6 8. exf6
exf6 9. c3 Nf5 10. Na3 Re8 11. Nc2 Nd7 12. Nh2 Nf8 13. Ne3 Nd6 14. Re1 Be6 15.
Neg4 g5 16. Ne3 Ng6 17. Bh5 Qd7 18. g4 Re7 19. Bxg6 hxg6 20. Qd3 Bf7 21. Ng2
Rae8 22. Rxe7 Rxe7 23. f3 Qe8 24. Bd2 Nc4 25. b3 Nxd2 26. Qxd2 Re2 27. Qd3 Bf8
28. Nf1 Re6 29. f4 Bd6 30. fxg5 fxg5 31. Rd1 Re4 32. Nd2 Re2 33. Kf1 Re6 34.
Nf3 Qe7 35. Re1 Re4 36. Kf2 c5 37. Nd2 Rxe1 38. Nxe1 cxd4 39. cxd4 Qf6+ 40.
Ndf3 Qf4 41. Ke2 Be8 42. a4 Kg7 43. Qe3 Qxe3+ 44. Kxe3 Bf4+ 45. Kf2 Kf6 46. Nd3
Bd6 47. Ke3 b5 48. axb5 Bxb5 49. Kd2 Bc7 50. Kc3 Ba5+ 51. Kc2 a6 52. Nfe5 Bc7
53. Nf3 Bf4 54. Kc3 a5 55. Kc2 a4 56. Nxf4 axb3+ 57. Kxb3 gxf4 58. Kc3 Bf1 59.
h4 Bg2 60. Nh2 Ke6 61. Kd2 Kd6 62. Ke2 Kc6 63. Nf3 Kb5 64. h5 gxh5 65. gxh5 Bh3
66. h6 Bf5 67. Ne5 Be4 68. Kd2 Kb4 69. Nd3+ Kc4 70. Nxf4 Kxd4 71. Nxd5 1/2-1/2

[Event "XIX Festival A"]
[Site "Robecchetto con Induno ITA"]
[Date "2008.12.28"]
[Round "3"]
[White "Rota, Simone"]
[Black "Morandi, Daniele"]
[Result "1/2-1/2"]
[WhiteElo "1864"]
[BlackElo "1950"]
[PlyCount "154"]
[EventDate "2008.12.27"]

1. d4 Nf6 2. c4 g6 3. Nf3 Bg7 4. g3 O-O 5. Bg2 d6 6. O-O Nc6 7. Nc3 e5 8. d5
Ne7 9. e4 Ne8 10. Be3 f5 11. Qd2 Nf6 12. exf5 Nxf5 13. Bg5 h6 14. Bxf6 Qxf6 15.
Ne4 Qe7 16. Rac1 g5 17. h3 b6 18. b4 a5 19. a3 axb4 20. axb4 Ba6 21. Rfe1 Qf7
22. c5 dxc5 23. bxc5 Bb7 24. g4 Nd4 25. Nxd4 exd4 26. c6 Ba6 27. Ng3 Qf4 28.
Qxf4 gxf4 29. Nf5 d3 30. Rcd1 Bc3 31. Re6 Rfe8 32. Bf1 Rxe6 33. dxe6 d2 34.
Ne7+ Kf8 35. Nd5 Be5 36. Rxd2 Bxf1 37. Kxf1 f3 38. Rd1 Ra5 39. Ne3 Rc5 40. Nf5
Bf6 41. Nxh6 Rxc6 42. Re1 Rc2 43. Nf5 Bc3 44. e7+ Ke8 45. Rd1 Rd2 46. Rxd2 Bxd2
47. Nd4 Bc3 48. Nxf3 b5 49. Ke2 c5 50. Kd3 Bf6 51. Nd2 c4+ 52. Nxc4 bxc4+ 53.
Kxc4 Kxe7 54. Kd5 Bh4 55. f4 Kf6 56. Ke4 Kg6 57. Ke5 Bg3 58. Ke4 Bh4 59. Ke3
Kf6 60. Ke4 Kg6 61. f5+ Kf6 62. Kf4 Bg5+ 63. Kg3 Bd2 64. Kh4 Kg7 65. g5 Bc3 66.
Kh5 Bb2 67. h4 Bd4 68. Kg4 Bf2 69. h5 Bd4 70. h6+ Kh7 71. g6+ Kg8 72. Kf4 Bc3
73. Ke4 Bd2 74. h7+ Kh8 75. Ke5 Bc3+ 76. Ke6 Bb2 77. Kf7 Bc3 1/2-1/2

[Event "XIX Festival A"]
[Site "Robecchetto con Induno ITA"]
[Date "2008.12.28"]
[Round "3"]
[White "Turini, Gianluca"]
[Black "Cardani, Roberto"]
[Result "0-1"]
[WhiteElo "1572"]
[BlackElo "1900"]
[PlyCount "66"]
[EventDate "2008.12.27"]

1. e4 c5 2. Nf3 d6 3. d4 cxd4 4. Nxd4 Nf6 5. Nc3 a6 6. Bg5 e6 7. Bc4 Be7 8. Qd2
h6 9. Be3 Nc6 10. f3 Nxd4 11. Bxd4 b5 12. Be2 Bb7 13. a3 O-O 14. O-O Qc7 15.
Rad1 Rfd8 16. Qe3 Nd7 17. Qf2 Rac8 18. Bd3 Bf6 19. Bxf6 Nxf6 20. Rfe1 Nd7 21.
Ne2 Ne5 22. Rc1 d5 23. exd5 Bxd5 24. Nf4 Bc4 25. Bf1 a5 26. Bxc4 Nxc4 27. Nd3
Nxa3 28. bxa3 Rxd3 29. cxd3 Qxc1 30. Rxc1 Rxc1+ 31. Qf1 Rxf1+ 32. Kxf1 b4 33.
axb4 a4 0-1

[Event "XIX Festival A"]
[Site "Robecchetto con Induno ITA"]
[Date "2008.12.28"]
[Round "3"]
[White "Virzi, Ettore"]
[Black "Bemporad, Filippo"]
[Result "0-1"]
[WhiteElo "1950"]
[BlackElo "2055"]
[PlyCount "62"]
[EventDate "2008.12.27"]

1. e4 c5 2. Nf3 d6 3. d4 cxd4 4. Nxd4 e6 5. Nc3 a6 6. Be3 b5 7. Bd3 Bb7 8. O-O
Nf6 9. f4 b4 10. e5 bxc3 11. exf6 gxf6 12. bxc3 Qd7 13. Rb1 Nc6 14. Rb6 Nxd4
15. cxd4 Be7 16. Qb1 Bc8 17. c4 f5 18. d5 Bd8 19. Rb2 Bf6 20. Re2 Kf8 21. Rfe1
Rg8 22. c5 dxc5 23. Bxc5+ Kg7 24. dxe6 fxe6 25. Kh1 Qd5 26. Qc2 Bd7 27. Re3
Rac8 28. Rg3+ Kf7 29. Rxg8 Kxg8 30. Rc1 Bd4 31. Bxa6 Rxc5 0-1

[Event "XIX Festival A"]
[Site "Robecchetto con Induno ITA"]
[Date "2008.12.29"]
[Round "4"]
[White "Astengo, Corrado"]
[Black "Provera, Emanuele"]
[Result "1/2-1/2"]
[WhiteElo "2172"]
[BlackElo "2138"]
[PlyCount "72"]
[EventDate "2008.12.27"]

1. e4 c6 2. d4 d5 3. Nd2 dxe4 4. Nxe4 Bf5 5. Ng3 Bg6 6. h4 h6 7. Nf3 Nd7 8. h5
Bh7 9. Bd3 Bxd3 10. Qxd3 e6 11. Bf4 Qa5+ 12. Bd2 Bb4 13. c3 Be7 14. c4 Qc7 15.
Ne4 Ngf6 16. Nxf6+ Bxf6 17. O-O-O O-O-O 18. Kb1 c5 19. dxc5 Nxc5 20. Qa3 b6 21.
Be3 Kb7 22. Bxc5 bxc5 23. Nd2 Bd4 24. Qf3+ Kb8 25. Nb3 Rd6 26. Rd3 Rhd8 27.
Rhd1 Qb7 28. Qg3 Kc8 29. R1d2 Qe4 30. Qf3 Qxf3 31. Rxf3 R8d7 32. Nxd4 Rxd4 33.
Rxd4 cxd4 34. Kc2 Kc7 35. g4 Kc6 36. Ra3 e5 1/2-1/2

[Event "XIX Festival A"]
[Site "Robecchetto con Induno ITA"]
[Date "2008.12.29"]
[Round "4"]
[White "Barberi, Alessandro"]
[Black "Mancin, Mariano"]
[Result "1-0"]
[WhiteElo "2156"]
[BlackElo "1894"]
[PlyCount "73"]
[EventDate "2008.12.27"]

1. d4 g6 2. c4 Bg7 3. Nc3 d6 4. e4 e5 5. dxe5 dxe5 6. Qxd8+ Kxd8 7. Bg5+ f6 8.
O-O-O+ Bd7 9. Be3 Kc8 10. c5 Be6 11. Nf3 Nc6 12. Be2 Nh6 13. h3 Nf7 14. g4 Ne7
15. Nd2 Bh6 16. Bc4 Bxc4 17. Bxh6 Nxh6 18. Nxc4 Nf7 19. Nd5 Nxd5 20. exd5 Kd7
21. b4 Rad8 22. Kc2 h5 23. Kc3 hxg4 24. hxg4 Rxh1 25. Rxh1 Rh8 26. Rxh8 Nxh8
27. g5 Ke7 28. Na5 f5 29. Nxb7 Nf7 30. Na5 Nxg5 31. Kd3 e4+ 32. Ke3 Kf6 33. Nc6
a6 34. a4 Nf7 35. b5 a5 36. d6 cxd6 37. b6 1-0

[Event "XIX Festival A"]
[Site "Robecchetto con Induno ITA"]
[Date "2008.12.29"]
[Round "4"]
[White "Barlocco, Carlo"]
[Black "Carbone, Lorenzo"]
[Result "1-0"]
[WhiteElo "2144"]
[BlackElo "1817"]
[PlyCount "45"]
[EventDate "2008.12.27"]

1. c4 c5 2. Nc3 Nc6 3. g3 Nf6 4. Bg2 g6 5. e3 Bg7 6. Nge2 O-O 7. a3 e6 8. d4
cxd4 9. Nxd4 Nxd4 10. exd4 d5 11. c5 b6 12. b4 a5 13. Be3 Bb7 14. O-O axb4 15.
axb4 Rxa1 16. Qxa1 Qa8 17. Qb2 Qc8 18. Ra1 Ng4 19. Nb5 Nxe3 20. fxe3 Qc6 21.
Nd6 Ra8 22. Rxa8+ Bxa8 23. Qa3 1-0